书目信息 |
| 题名: |
巴洛克艺术
|
|
| 作者: | 徐馨 著 | |
| 分册: | ||
| 出版信息: | 北京 北京工艺美术出版社 2020.1 |
|
| 页数: | 517页, [6] 页图版 | |
| 开本: | 20cm | |
| 丛书名: | ||
| 单 册: | ||
| 中图分类: | J110.94 | |
| 科图分类: | ||
| 主题词: | 巴罗克艺术 | |
| 电子资源: | ||
| ISBN: | 978-7-5140-1723-6 | |
| 000 | 01780nam0 2200277 45 | |
| 001 | 012001000908 | |
| 005 | 20130910090009.0 | |
| 010 | @a978-7-5140-1723-6@b精装@dCNY258.00 | |
| 099 | @aCAL 012020046592 | |
| 100 | @a20200312d2020 em y0chiy0110 ea | |
| 101 | 0 | @achi |
| 102 | @aCN@b110000 | |
| 105 | @aaf z 000yy | |
| 106 | @ar | |
| 200 | 1 | @a巴洛克艺术@Aba luo ke yi shu@d= Baroque art@f徐馨著@zeng |
| 210 | @a北京@c北京工艺美术出版社@d2020.1 | |
| 215 | @a517页, [6] 页图版@c彩图@d20cm | |
| 300 | @a并列题名:Baroque art | |
| 330 | @a艺术史早期的发展经历了早期探索科学绘画技法的文艺复兴时期、教会面对宗教改革冲击作出回应而发展出的巴洛克时期,以及18世纪流行于凡尔赛太阳宫的浮华洛可可时期。及至19世纪,艺术流派脱离了早期单一线性发展的模式,画坛一时间众星璀璨。以达维特为代表的新古典主义和以德拉克洛瓦为代表的浪漫主义分庭抗礼,同时,巴比松画派和现实主义风格也逐渐登上了艺术史的舞台。19世纪中后期,随着工业革命的发展,印象派在法国诞生了,紧随其后的是新印象派。当印象派即将面临着过度泛滥的危机之时,后印象派迅速发展起来。凡高、高更、塞尚三位后印象派大师对现代艺术产生了极为深远的影响。同时值得注意的是,在欧洲大陆的边缘,俄国的巡回画派也正得到如火如荼的发展,并对俄国艺术精神产生了深远的影响。19世纪末20世纪初,一批欧洲和美国的艺术家奋起抵抗第二次工业革命后流水线工艺品的单一刻板,发起了新艺术运动,试图以此回溯自然与古典的审美。20世纪初,毕加索的《亚威农少女》打响了现代主义时期的第一枪,此后,多种现代主义的流派和风格在全世界范围内不断兴衰。20世纪中期,杜尚的《泉》又以近乎鲁莽的姿态打破了现代主义艺术的游戏规则,自此,艺术史步入了后现代的世界。 | |
| 333 | @a巴罗克艺术研究人员 | |
| 510 | 1 | @aBaroque art@zeng |
| 606 | 0 | @a巴罗克艺术 |
| 690 | @aJ110.94@v5 | |
| 701 | 0 | @a徐馨@Axu xin@4著 |
| 801 | @aCN@b江苏凤凰@c20211018 | |
| 905 | @b1341485-7@dJ110.94@e156@f3 | |
| 巴洛克艺术= Baroque art/徐馨著.-北京:北京工艺美术出版社,2020.1 |
| 517页, [6] 页图版:彩图;20cm |
| 并列题名:Baroque art.-使用对象:巴罗克艺术研究人员 |
| ISBN 978-7-5140-1723-6(精装):CNY258.00 |
| 艺术史早期的发展经历了早期探索科学绘画技法的文艺复兴时期、教会面对宗教改革冲击作出回应而发展出的巴洛克时期,以及18世纪流行于凡尔赛太阳宫的浮华洛可可时期。及至19世纪,艺术流派脱离了早期单一线性发展的模式,画坛一时间众星璀璨。以达维特为代表的新古典主义和以德拉克洛瓦为代表的浪漫主义分庭抗礼,同时,巴比松画派和现实主义风格也逐渐登上了艺术史的舞台。19世纪中后期,随着工业革命的发展,印象派在法国诞生了,紧随其后的是新印象派。当印象派即将面临着过度泛滥的危机之时,后印象派迅速发展起来。凡高、高更、塞尚三位后印象派大师对现代艺术产生了极为深远的影响。同时值得注意的是,在欧洲大陆的边缘,俄国的巡回画派也正得到如火如荼的发展,并对俄国艺术精神产生了深远的影响。19世纪末20世纪初,一批欧洲和美国的艺术家奋起抵抗第二次工业革命后流水线工艺品的单一刻板,发起了新艺术运动,试图以此回溯自然与古典的审美。20世纪初,毕加索的《亚威农少女》打响了现代主义时期的第一枪,此后,多种现代主义的流派和风格在全世界范围内不断兴衰。20世纪中期,杜尚的《泉》又以近乎鲁莽的姿态打破了现代主义艺术的游戏规则,自此,艺术史步入了后现代的世界。 |
| ● |
| 相关链接 |
|
|
|
|
正题名:巴洛克艺术
索取号:J110.94/156
 
预约/预借
| 序号 | 登录号 | 条形码 | 馆藏地/架位号 | 状态 | 备注 |
| 1 | 1341485 | 213414857 | 第一样本阅览室/ [索取号:J110.94/156] | 在馆 | |
| 2 | 1341486 | 213414866 | 第一借阅区/ [索取号:J110.94/156] | 在馆 | |
| 3 | 1341487 | 213414875 | 第一借阅区/ [索取号:J110.94/156] | 在馆 |